00378nam a2200133 a 450000500170000000800410001702000180005805000200007610000260009624500540012226000440017630000090022065000150022920140412111304.0120529s19uu xx 00 eng d a971-23-2065-0 aFIL EbEl1 1996 aTorralba, John Enrico aAng mga kaibigan ni Ella /cJohn Enrico Torralba. aPhilippines :bChildren's books,c1996. a16p. aFriendship